| 000 | 00457nam a22001577a 4500 | ||
|---|---|---|---|
| 005 | 20161116125024.0 | ||
| 008 | 161116b xxu||||| |||| 00| 0 eng d | ||
| 020 | _a9789699739019 | ||
| 040 | _cPK-LaUMT | ||
| 082 |
_a891.4393 _bRIF-R |
||
| 100 | _aرفعت ناہید سجاد | ||
| 245 |
_aریت پر تیرتے جزیرے _cرفعت ناہید سجاد |
||
| 260 |
_aلاہور _bجمہوری پبلیکیشنز _c2012 |
||
| 300 | _a280 ص | ||
| 942 | _cBK | ||
| 999 |
_c88747 _d88747 |
||